| 000 | 00490nam a2200181Ia 4500 | ||
|---|---|---|---|
| 005 | 20250423101622.0 | ||
| 008 | 250422s9999 xx 000 0 und d | ||
| 020 | _a9780324598889 | ||
| 050 | _aHD 58 .8 .D135/ | ||
| 100 | _aDaft, Richard L. | ||
| 245 | 0 | _aUnderstanding the theory and design of organizations | |
| 260 | _aAustralia | ||
| 260 | _bJoe Sabatina | ||
| 260 | _c2010 | ||
| 300 | _a611 p | ||
| 650 | _aOrganization. Organizational sociology --Case studies. | ||
| 942 | _cBK | ||
| 999 |
_c36774 _d36774 |
||